Fundamentals of thermodynamics / (Record no. 929)
[ view plain ]
| 000 -LEADER | |
|---|---|
| fixed length control field | 01229nac a22002771u 4500 |
| 010 ## - LIBRARY OF CONGRESS CONTROL NUMBER | |
| LC control number | 2002513116 |
| 020 ## - INTERNATIONAL STANDARD BOOK NUMBER | |
| International Standard Book Number | 0471152323 (alk. paper) |
| 082 04 - DEWEY DECIMAL CLASSIFICATION NUMBER | |
| Classification number | 621.4021 |
| Item number | S6994 |
| 090 ## - LOCALLY ASSIGNED LC-TYPE CALL NUMBER (OCLC); LOCAL CALL NUMBER (OCLC) | |
| -- | 929 |
| -- | 929 |
| 100 ## - MAIN ENTRY--PERSONAL NAME | |
| Personal name | Sonntag, Richard Edwin |
| 245 10 - TITLE STATEMENT | |
| Title | Fundamentals of thermodynamics / |
| Statement of responsibility, etc | Richard E. Sonntag, Claus Borgnakke, Gordon J. Van Wylen. |
| 246 30 - VARYING FORM OF TITLE | |
| Title proper/short title | Thermodynamics |
| 250 ## - EDITION STATEMENT | |
| Edition statement | 6th ed. |
| 260 ## - PUBLICATION, DISTRIBUTION, ETC. (IMPRINT) | |
| Place of publication, distribution, etc | New York : |
| Name of publisher, distributor, etc | Wiley, |
| Date of publication, distribution, etc | c2003. |
| 300 ## - PHYSICAL DESCRIPTION | |
| Extent | xvii, 794 p. : |
| Other physical details | ill. (some col.) ; |
| Dimensions | 26 cm. + |
| Accompanying material | 1 CD-ROM (4 3/4 in.) |
| 500 ## - GENERAL NOTE | |
| General note | First-4th eds. under title: Fundamentals of classical thermodynamics / Gordon J. Van Wylen. |
| 504 ## - BIBLIOGRAPHY, ETC. NOTE | |
| Bibliography, etc | Includes bibliographical references (p. 773) and index. |
| 650 #0 - SUBJECT ADDED ENTRY--TOPICAL TERM | |
| Topical term or geographic name as entry element | Thermodynamics. |
| 700 1# - ADDED ENTRY--PERSONAL NAME | |
| Personal name | Borgnakke, C. |
| Fuller form of name | (Claus) |
| 700 1# - ADDED ENTRY--PERSONAL NAME | |
| Personal name | Van Wylen, Gordon John. |
| 700 1# - ADDED ENTRY--PERSONAL NAME | |
| Personal name | Van Wylen, Gordon John. |
| 856 42 - ELECTRONIC LOCATION AND ACCESS | |
| Materials specified | Publisher description |
| Uniform Resource Identifier | <a href="http://www.loc.gov/catdir/description/wiley036/2002513116.html">http://www.loc.gov/catdir/description/wiley036/2002513116.html</a> |
| 856 42 - ELECTRONIC LOCATION AND ACCESS | |
| Materials specified | Table of contents |
| Uniform Resource Identifier | <a href="http://www.loc.gov/catdir/toc/fy032/2002513116.html">http://www.loc.gov/catdir/toc/fy032/2002513116.html</a> |
| 942 ## - ADDED ENTRY ELEMENTS (KOHA) | |
| Item type | Book - Borrowing |
| Call number prefix | 621.4021S6994 |
| Withdrawn status | Item status | Source of classification or shelving scheme | Damaged status | Not for loan | Vendor | Home library | Current library | Shelving location | Date acquired | Source of acquisition | Cost, normal purchase price | Total Checkouts | Total Renewals | Full call number | Barcode | Date last seen | Date last borrowed | Cost, replacement price | Koha item type |
|---|---|---|---|---|---|---|---|---|---|---|---|---|---|---|---|---|---|---|---|
| Dewey Decimal Classification | Central Library | Central Library | First floor | 06/08/2010 | 210.00 | 3 | 1 | 621.4021 SON | 000003593 | 15/07/2025 | 19/04/2017 | 262.50 | Book - Borrowing |